HipHop/Rap album covers #3 - Statistics

General Stats
  • This quiz has been taken 115 times
  • The average score is 11 of 16
Answer Stats
Picture Answer % Correct
GNX
87%
Music
86%
DS2
85%
Bully
82%
The Blueprint
81%
Relapse
78%
CHROMAKOPIA
77%
Days Before Rodeo
74%
Donda 2
71%
Jackboys 2
69%
The Carter VI
69%
LIve.Love.A$AP
63%
KOD
55%
Nothing was the same
47%
Not All Heroes Wear Capes
31%
Painting Pictures
12%
No matching quizzes found
Score Distribution
Percent of People with Each Score
Percentile by Number Answered
Your Score History
You have not taken this quiz